1253 1965 1027 1979 1293 1446 1165 1905 1159 1693 1270 1832 1305 1253 1285 1438 1250 1906 1236 1518 1966 1719 1393 1065 1493 1217 1954 1627 1705 1646 1663 1529 1486 1191 1317 1253 1673 1415 1596 1619 1238 1851 1885 1450 1357 1581 1179 1934 1543 1388 1834 1143 1613 1572 1038 1297 1026 1468 1626 1502 1014 1003 1191 1860 1061 1595 1890 1401 1297 1712 1163 1613 1155 1101 1999 1764 1686 1206 1704 1612 1314 1660 1946 1706 1033 1579 1425 1387 1271 1362 1092 1283 1894 1656 1556 1362 1475 1073 1081 BCNSPRNW ULIB Ver.6.0+V

เปลี่ยนเป็นภาษาไทย

Change to English
 แสดงรายละเอียดบรรณานุกรม
  กลับหน้าหลัก

Brief Record : Get Marc (ISO 2709) : E-mail record : QR code < ปิดหน้าต่าง
LEADER : 00000nam 2200000uu 4500
001    13399121906
003     ULIB
008    121213s2550||||th 000 0 tha d
020    ^a9789749897652
060 04 ^aWO100^bต367 2550
245 10 ^aตำราศัลยศาสตร์ =^bTextbook of surgery /^cทวีสิน ตันประยูร, สุทธิพร จิตต์มิตรภาพ, พัฒน์พงศ์ นาวีเจริญ, บรรณาธิการ
246 31 ^aTextbook of surgery
250    ^aพิมพ์ครั้งที่ 10 (ฉบับเรียบเรียงใหม่)
260    ^aกรุงเทพฯ :^bคณะแพทยศาสตร์ จุฬาลงกรณ์มหาวิทยาลัย,^c2550
300    ^a[11], 1199 หน้า :^bภาพประกอบ ;^c26 ซม.
650  7 ^aศัลยศาสตร์
650  7 ^aศัลยศาสตร์^xตำราเรียน
700 0  ^aทวีสิน ตันประยูร,^eบรรณาธิการ
700 0  ^aสุทธิพร จิตต์มิตรภาพ,^eบรรณาธิการ
700 0  ^aพัฒน์พงศ์ นาวีเจริญ,^eบรรณาธิการ
710 2  ^aจุฬาลงกรณ์มหาวิทยาลัย. ^bคณะแพทยศาสตร์
945    ^p750^l0^i14809
995    ^aทศพร
999    ^aทศพร เกษรทอง
รายการนี้ยังไม่มีแท็ก
คุณยังไม่ได้ล็อกอิน คุณสามารถมีกิจกรรมร่วมกับเว็บไซต์ได้ แต่ต้องล็อกอินก่อน ::
  ล็อกอิน

รายการสื่อสารสนเทศ

ลำดับที่ ประเภท เลขเรียก/บาร์โค้ด สถานที่ สถานะ
1. วิทยาศาสตร์การแพทย์ และสุขภาพ
วิทยาศาสตร์การแพทย์ และสุขภาพ
WO100 ต367 2550 ฉ.1 
  Barcode: 14809
ห้องสมุดวิทยาเขตสวรรค์ประชารักษ์
►ส่วนจัดเก็บหนังสือเก่า สปร
บนชั้น
  ขอยืม

รายการใกล้เคียง
    หัวเรื่อง [ศัลยศาสตร์]

BibComment


ยังไม่เคยถูกคอมเมนท์

คอมเมนท์ทรัพยากรรายการนี้
  คอมเมนท์: ตำราศัลยศาสตร์ ..


 Copyright 2026. Bcnsprnw @Library